Islam and rationality. the impact of al-Ghazali : papers collected on his 900th anniversary / Volume 2 :
Al-Ghazālī (d. 505/1111) is one of the most influential thinkers of Islam. There is hardly a genre of Islamic literature where he is not regarded as a major authority. Islamic Law, Sufism, ethics, philosophy, and theology are all deeply shaped by him. Yet in the past thirty years, the field of Ghazā...
Other Authors:
Format: eBook
Language: English
Published:
Leiden :
Brill,
[2016]
Series:
Islamic Philosophy, Theology and Science. Texts and Studies
98.
Middle East and Islamic Studies E-Books Online, Collection 2016, ISBN: 9789004303935.
Subjects:
Online Access: Login to view Source
Tags: Add Tag
Call Number: B753.G34
| LEADER | 04169nam a2200529 i 4500 | ||
|---|---|---|---|
| 001 | BRILL9789004307490 | ||
| 003 | nllekb | ||
| 005 | 20211118221502.0 | ||
| 006 | m d | ||
| 007 | cr un uuuua | ||
| 008 | 151105s2016 ne sb 001 0 eng d | ||
| 020 | |a 9789004307490 |q (electronic book) | ||
| 020 | |z 9789004306950 |q (print) | ||
| 024 | 7 | |a 10.1163/9789004307490 |2 DOI | |
| 035 | |a (OCoLC)927590675 |z (OCoLC)927963413 |z (OCoLC)936281788 | ||
| 040 | |a NL-LeKB |c NL-LeKB |e rda | ||
| 050 | 4 | |a B753.G34 | |
| 072 | 7 | |a REL |x 037000 |2 bisacsh | |
| 072 | 7 | |a HPDC |2 bicssc | |
| 072 | 7 | |a REL037000 |2 bisacsh | |
| 082 | 0 | 4 | |a 297 |2 23 |
| 245 | 0 | 0 | |a Islam and rationality. |n Volume 2 : |b the impact of al-Ghazali : papers collected on his 900th anniversary / |c edited by Frank Griffel. |
| 264 | 1 | |a Leiden : |b Brill, |c [2016] | |
| 300 | |a 1 online resource (370 pages) | ||
| 336 | |a text |b txt |2 rdacontent | ||
| 337 | |a computer |b c |2 rdamedia | ||
| 338 | |a online resource |2 rdacarrier | ||
| 490 | 1 | |a Islamic Philosophy, Theology & Science. Texts & Studies ; |v v. 98 | |
| 504 | |a Includes bibliographical references and indexes. | ||
| 505 | 0 | 0 | |t Preliminary Material -- |t 1 Al-Ghazālī on Error / |r Taneli Kukkonen -- |t 2 Al-Ghazālī's Concept of Philosophy / |r Ulrich Rudolph -- |t 3 Problems in al-Ghazālī's Perfect World / |r Stephen R. Ogden -- |t 4 Al-Ghazālī's Teleology and the Galenic Tradition / |r Ahmed El Shamsy -- |t 5 Al-Ghazālī and Kalām / |r Ayman Shihadeh -- |t 6 Al-Ghazālī's Veil Section / |r Anna Ayşe Akasoy -- |t 7 Is There an Autograph of al-Ghazālī in MS Yale, Landberg 318? -- |t 8 Intuition, Intellection, and Mystical Knowledge / |r Damien Janos -- |t 9 Fakhr al-Dīn al-Rāzī's Use of al-Ghazālī's Mishkāt in His Commentary on the Light Verse (Q 24:35) / |r Jules Janssens -- |t 10 Ottoman Perceptions of al-Ghazālī's Works and Discussions on His Historical Role in Its Late Period / |r M. Sait Özervarlı -- |t 11 Al-Ghazālī's "Demarcation of Science" / |r Martin Riexinger -- |t 12 The Revival of the Religious Sciences in the Twenty-First Century Suʿād al-Ḥakīm's Adaptation of al-Ghazālī's Revival / |r Kenneth Garden -- |t General Index of Names and Subjects -- |t Index of Passages in Works by al-Ghazālī -- |t Index of Verses in the Qurʾan. |
| 506 | |a Available to subscribing member institutions only. | ||
| 520 | |a Al-Ghazālī (d. 505/1111) is one of the most influential thinkers of Islam. There is hardly a genre of Islamic literature where he is not regarded as a major authority. Islamic Law, Sufism, ethics, philosophy, and theology are all deeply shaped by him. Yet in the past thirty years, the field of Ghazālī-studies has been shaken by the realization that Avicenna (Ibn Sīnā, d. 428/1037) and other philosophers had a strong influence on him. Now, after the 900th anniversary at his death, the field emerges stronger than ever. This second volume of Islam and Rationality: The Impact of al-Ghazālī brings together twelve leading experts on al-Ghazālī who write about his thought and the impact it had on later Muslim thinkers. Contributors are: Anna Ayşe Akasoy, Ahmed El Shamsy, Kenneth Garden, Frank Griffel, Jules Janssens, Damien Janos, Taneli Kukkonen, Stephen Ogden, M. Sait Özervarlı, Martin Riexinger, Ulrich Rudolph, and Ayman Shihadeh. | ||
| 600 | 0 | 0 | |a Ghazzālī, |d 1058-1111. |
| 600 | 0 | 7 | |a Ghazzālī, |d 1058-1111. |2 fast |
| 650 | 0 | |a Islamic philosophy. | |
| 650 | 0 | |a Islam. | |
| 650 | 7 | |a Islam. |2 fast | |
| 650 | 7 | |a Islamic philosophy. |2 fast | |
| 655 | 0 | |a Electronic books. | |
| 700 | 1 | |a Griffel, Frank, |d 1965- | |
| 776 | 0 | 8 | |i Print version: |a Griffel, Frank. |t Islam and rationality. The impact of al-Ghazali. Papers collected on his 900th anniversary. Vol 2. |z 9789004306950 |w (OCoLC)927445961 |
| 830 | 0 | |a Islamic Philosophy, Theology and Science. Texts and Studies |v 98. | |
| 830 | 0 | |a Middle East and Islamic Studies E-Books Online, Collection 2016, ISBN: 9789004303935. | |
| 856 | 4 | |z DOI: |u http://dx.doi.org/10.1163/9789004307490 | |
| 942 | |2 lcc |c EBOOK | ||
| 952 | |0 0 |1 0 |2 lcc |4 0 |7 1 |9 22368 |a BRILL |b BRILL |d 2021-11-18 |l 0 |r 2021-11-18 00:00:00 |w 2021-11-18 |y EBOOK | ||
| 999 | |c 39842 |d 39842 | ||
